MARC

LEADER 00000nam0a2200000 4500
001 275566
005 20231101234833.0
035 |a (RuTPU)RU\TPU\book\298809 
035 |a RU\TPU\book\217476 
090 |a 275566 
100 |a 20141114d1983 k y0rusy5003 ca 
101 0 |a rus 
102 |a RU 
105 |a a z 000zy 
200 1 |a Теория и методы управления производственными системами  |e сборник научных трудов  |f Ленинградский политехнический институт им. М. И. Калинина (ЛПИ)  
210 |a Ленинград  |c Изд-во ЛПИ  |d 1983 
215 |a 110 с.  |c ил.  |d 25 см 
225 1 |a Труды Ленинградского политехнического института им. М. И. Калинина (ЛПИ)  |v № 390 
606 1 |a Гибкие производственные системы  |x Управление  |2 stltpush  |3 (RuTPU)RU\TPU\subj\6419  |9 34304 
610 1 |a производственные системы 
610 1 |a сложные системы 
610 1 |a планирование 
610 1 |a программно-целевые методы 
610 1 |a математические методы 
610 1 |a качество 
610 1 |a эффективность 
675 |a 658.52.011.56.012.3  |z rus  |v 3 
712 0 2 |a Ленинградский политехнический институт им. М. И. Калинина (ЛПИ)  |c (1924-1930, 1940-1990)  |2 stltpush  |3 (RuTPU)RU\TPU\col\2601 
801 0 |a RU  |b 63413507  |c 19950704  |g psbo 
801 1 |a RU  |b 63413507  |c 20110809 
801 2 |a RU  |b 63413507  |c 20170127  |g RCR 
942 |c BK